00225nam a2200097Ia 4500008004100000041001200041082001500053245004100068260000900109650000900118221030s9999 xx 000 0 und d aEnglish a105.23bBE 0aExpert Data Structure with CbFLOPPY c2000 aBook